[Event "AUTO-ELITE-2445"]
[Site "http://www.queenalice.com/game.php?id=1801210"]
[Date "2022.12.4"]
[Round "1"]
[White "JOSETEZOMBIE"]
[Black "trompmaster"]
[Result "1-0"]
[WhiteElo "2438"]
[BlackElo "2438"]

1. c4 e5 2. d4 exd4 3. Qxd4 Nc6 4. Qd1 Nf6 5. Nc3 Bb4 6. Bd2 Bxc3 7. Bxc3 O-O 8.
e3 d6 9. Bd3 Re8 10. Ne2 Ne5 11. O-O g6 12. b3 c5 13. Bc2 b6 14. Qd2 Qe7 15.
Rad1 Rd8 16. e4 Bb7 17. Ng3 Rd7 18. Qh6 Nfg4 19. Qh3 Rad8 20. Rde1 Nf6 21. f4
Nc6 22. e5 dxe5 23. fxe5 Ne8 24. e6 fxe6 25. Rxe6 Qg5 26. Rxg6+ 1-0

[Event "AUTO-ELITE-2445"]
[Site "http://www.queenalice.com/game.php?id=1801211"]
[Date "2022.12.4"]
[Round "1"]
[White "trompmaster"]
[Black "JOSETEZOMBIE"]
[Result "1/2-1/2"]
[WhiteElo "2377"]
[BlackElo "2451"]

1. d4 Nf6 2. Nf3 d6 3. g3 g6 4. Bg2 Bg7 5. O-O O-O 6. b3 c6 7. c4 c5 8. Bb2 Ng4
9. h3 Nh6 10. Nc3 cxd4 11. Nxd4 Nc6 12. Nc2 Be6 13. Qc1 Rb8 14. Rd1 Qd7 15. Kh2
Bf5 16. e4 Be6 17. Nd5 f6 18. Nf4 Bf7 19. Nd5 Rbd8 20. f4 e5 21. fxe5 fxe5 22.
Nf6+ Bxf6 23. Qxh6 Be6 24. Qd2 Qe7 25. Ne3 Bg5 26. Rab1 Rf7 27. Nd5 Bxd5 28.
Qxd5 Nb4 29. Qa5 Nc6 30. Qd5 Nb4 31. Qa5 Nc6 32. Qd5 1/2-1/2

[Event "Ahlkhanvio Djibouti 𓇼 "]
[Site "http://www.queenalice.com/game.php?id=1802424"]
[Date "2022.12.22"]
[Round "-"]
[White "JOSETEZOMBIE"]
[Black "Ahlkhanvio"]
[Result "1/2-1/2"]
[WhiteElo "2470"]
[BlackElo "2646"]

1. Nf3 d5 2. d4 Nf6 3. c4 dxc4 4. e3 Bg4 5. Bxc4 e6 6. Nc3 a6 7. O-O Nc6 8. h3
Bh5 9. a3 Bd6 10. Bd3 O-O 11. g4 Bg6 12. Bxg6 hxg6 13. e4 e5 14. d5 Nd4 15. Kg2
Nxf3 16. Qxf3 Nd7 17. g5 Qe7 18. Be3 f5 19. gxf6 Nxf6 20. Rad1 Nh5 21. Qg4 Nf4+
22. Kh2 Rf7 23. Rd2 Raf8 24. f3 Kh7 25. Ne2 Nh5 26. Nc3 Nf4 27. Ne2 Nh5 28. Nc3
Nf4 1/2-1/2

[Event "Michael Basel ✴ Josè Zombie"]
[Site "http://www.queenalice.com/game.php?id=1804502"]
[Date "2023.1.21"]
[Round "-"]
[White "mitsho"]
[Black "JOSETEZOMBIE"]
[Result "0-1"]
[WhiteElo "2313"]
[BlackElo "2465"]

1. d4 d6 2. c4 Nf6 3. Nf3 g6 4. Nc3 Nbd7 5. e4 e5 6. Be2 Bg7 7. dxe5 Nxe5 8.
Nxe5 dxe5 9. Qxd8+ Kxd8 10. O-O c6 11. Bg5 h6 12. Be3 Kc7 13. f4 Bg4 14. Rf2
Bxe2 15. Rxe2 Ng4 16. g3 Nxe3 17. Rxe3 exf4 18. gxf4 Bd4 19. Kf2 Rhe8 20. h4
Rad8 21. Rg1 Re7 22. e5 Bxe3+ 23. Kxe3 Red7 24. Ne4 Rd3+ 25. Ke2 R3d4 26. Ke3
Rd1 27. Rxd1 Rxd1 28. Kf3 Rd3+ 29. Ke2 Rh3 30. b3 Rxh4 31. Kf3 Rh3+ 32. Kg2 Re3
33. Nd6 f5 34. Kf2 Rc3 35. b4 Ra3 36. b5 Rxa2+ 37. Ke3 h5 38. bxc6 Kxc6 39. Nf7
h4 40. e6 h3 41. Nd8+ Kd6 42. Nxb7+ Kxe6 0-1